[Event "Elit(Vaxjo-Vasteras)"]
[Site "?"]
[Date "2022.03.18"]
[Round "3"]
[White "Lindberg, Bengt"]
[Black "Sjodahl, Pontus"]
[Result "0-1"]
[WhiteElo "2366"]
[BlackElo "2410"]
[PlyCount "82"]

1. e4 e6 2. d4 d5 3. Nc3 Bb4 4. e5 c5 5. a3 Bxc3+ 6. bxc3 Qa5 7. Bd2 Qa4 8. Qg4
Kf8 9. Nf3 Ne7 10. Be2 b6 11. O-O Ba6 12. Bd3 h6 13. h3 Bxd3 14. cxd3 c4 15.
dxc4 Qxc4 16. a4 Nbc6 17. Bc1 Kg8 18. Ba3 Ng6 19. h4 Ncxe5 20. Nxe5 Nxe5 21.
Qg3 Nd7 22. Bd6 Rc8 23. Ra3 Rc6 24. Re1 Kh7 25. Re3 Rg8 26. Qf4 a5 27. g4 b5
28. Kh2 b4 29. cxb4 axb4 30. Rab3 Qf1 31. Rg3 Rc1 32. Rg2 Nf6 33. f3 Rgc8 34.
Bc5 Ne4 35. Qxc1 Qxc1 36. fxe4 Qf4+ 37. Kh3 dxe4 38. Rxb4 e3 39. Rb1 e5 40. Re1
exd4 41. Bb6 e2 0-1

[Event "Elit(Limhamn-Stockholms SS)"]
[Site "?"]
[Date "2022.03.18"]
[Round "3"]
[White "Hauge, Lars Oskar"]
[Black "Brynell, Stellan"]
[Result "1/2-1/2"]
[WhiteElo "2513"]
[BlackElo "2409"]
[PlyCount "78"]

1. e4 e6 2. d4 d5 3. Nc3 Bb4 4. e5 Ne7 5. a3 Bxc3+ 6. bxc3 b6 7. Qg4 Ng6 8.
Bb5+ c6 9. Bd3 Ba6 10. a4 Bxd3 11. cxd3 c5 12. h4 h5 13. Qg3 cxd4 14. cxd4 Nc6
15. Nf3 Nce7 16. Qg5 Nf5 17. g3 Qxg5 18. hxg5 Kd7 19. Ba3 Nge7 20. Bxe7 Kxe7
21. Kd2 g6 22. Rhb1 Kd7 23. Rb4 Ne7 24. Rb2 Nf5 25. a5 Rhc8 26. axb6 axb6 27.
Rxa8 Rxa8 28. Rxb6 Ra2+ 29. Ke1 Ra1+ 30. Ke2 Ra2+ 31. Ke1 Ra4 32. Rb7+ Ke8 33.
Rb8+ Ke7 34. Rb7+ Ke8 35. Rb8+ Ke7 36. Rb7+ Kf8 37. Ke2 Ra2+ 38. Ke1 Ra1+ 39.
Ke2 Ra2+ 1/2-1/2

[Event "Elit(Wasa-Eksjo)"]
[Site "?"]
[Date "2022.03.18"]
[Round "3"]
[White "Gdanski, Jacek"]
[Black "Cramling, Pia"]
[Result "0-1"]
[WhiteElo "2499"]
[BlackElo "2452"]
[PlyCount "96"]

1. e4 c5 2. Nf3 d6 3. d4 cxd4 4. Nxd4 Nf6 5. Nc3 a6 6. Bc4 e6 7. Bb3 Be7 8. O-O
b5 9. Qf3 Qb6 10. Be3 Qb7 11. Qg3 b4 12. Na4 Nbd7 13. f3 O-O 14. Rad1 Re8 15.
Ne2 a5 16. c4 Ra6 17. Rd2 Qb8 18. c5 d5 19. exd5 Qxg3 20. hxg3 Nxd5 21. Bxd5
exd5 22. Nf4 Bg5 23. Rxd5 h6 24. Bf2 Nf6 25. Rd6 Rxd6 26. cxd6 Rd8 27. Rd1 Ne8
28. Bc5 Be7 29. Re1 Bxd6 30. Rxe8+ Rxe8 31. Bxd6 Re1+ 32. Kf2 Rd1 33. Bc7 Ra1
34. Nb6 Ba6 35. Ke3 Rxa2 36. Be5 Ra1 37. Bd4 Rd1 38. Bc5 f5 39. Nfd5 Kf7 40.
Nxb4 axb4 41. Bxb4 Rd3+ 42. Kf2 Rb3 43. Bc5 Rxb2+ 44. Kg1 Ke6 45. Na4 Rc2 46.
Bf8 Kf7 47. Bd6 Rc1+ 48. Kh2 Bf1 0-1

[Event "Elit(Vaxjo-Vasteras)"]
[Site "?"]
[Date "2022.03.18"]
[Round "3"]
[White "Akesson, Ralf"]
[Black "Sevastianov, Andrii"]
[Result "1-0"]
[WhiteElo "2396"]
[BlackElo "2133"]
[PlyCount "67"]

1. Nf3 d5 2. d4 Nf6 3. c4 e6 4. g3 dxc4 5. Bg2 a6 6. O-O Nc6 7. e3 Rb8 8. Nfd2
Be7 9. Nxc4 O-O 10. b3 Qd7 11. Nc3 b5 12. Nd2 e5 13. d5 Nb4 14. e4 Qg4 15. f3
Qh5 16. Ndb1 Bc5+ 17. Kh1 a5 18. Ne2 Bh3 19. Nbc3 Rb6 20. a4 Nd7 21. g4 Qh4 22.
Ng3 f5 23. Nxf5 Rxf5 24. exf5 Bd4 25. Ne4 Bxg2+ 26. Kxg2 h6 27. Bd2 Nxd5 28.
axb5 Rxb5 29. Qc1 N7b6 30. Qc6 Rxb3 31. Qe8+ Kh7 32. g5 Nf4+ 33. Bxf4 Rb2+ 34.
Kh1 1-0

[Event "Elit(Limhamn-Stockholms SS)"]
[Site "?"]
[Date "2022.03.18"]
[Round "3"]
[White "Schneider, Stefan"]
[Black "Cederstam, Carl"]
[Result "1/2-1/2"]
[WhiteElo "2375"]
[BlackElo "2368"]
[PlyCount "29"]

1. d4 d5 2. c4 e6 3. Nc3 Nf6 4. cxd5 exd5 5. Bg5 Be7 6. e3 c6 7. Bd3 Nbd7 8.
Qc2 h6 9. Bh4 Nh5 10. Bxe7 Qxe7 11. Nge2 Nb6 12. h3 Bd7 13. O-O-O O-O-O 14. Kb1
Kb8 15. Rc1 1/2-1/2

[Event "Elit(Wasa-Eksjo)"]
[Site "?"]
[Date "2022.03.18"]
[Round "3"]
[White "Wedberg, Tom"]
[Black "Vernersson, Per"]
[Result "0-1"]
[WhiteElo "2406"]
[BlackElo "2253"]
[PlyCount "132"]

1. e4 c6 2. d4 d5 3. Nd2 dxe4 4. Nxe4 Nd7 5. Bc4 Ngf6 6. Ng5 e6 7. Qe2 Nb6 8.
Bd3 h6 9. N5f3 Nbd7 10. Bd2 c5 11. Ne5 Qc7 12. f4 cxd4 13. Ngf3 Nxe5 14. fxe5
Nd5 15. Nxd4 Nb4 16. Bb5+ Bd7 17. O-O-O Bxb5 18. Qxb5+ Nc6 19. Ba5 Qc8 20. Nxc6
Qxc6 21. Qxc6+ bxc6 22. Rhf1 Be7 23. c4 Rb8 24. Bc7 Rb7 25. Bd6 c5 26. Rf3 O-O
27. Bxe7 Rxe7 28. Rd6 Rc8 29. Kc2 Kh7 30. Kd3 Kg6 31. Ke4 Rb7 32. Rg3+ Kh7 33.
b3 Re7 34. Rgd3 Rcc7 35. Rd8 a5 36. Ra8 Ra7 37. Rdd8 a4 38. bxa4 Rxa8 39. Rxa8
Rd7 40. Rc8 Rd4+ 41. Kf3 Rxc4 42. a5 Kg6 43. Rc7 Rc3+ 44. Ke4 Rc2 45. a3 Rc3
46. g4 Rc4+ 47. Kf3 Rc3+ 48. Kf4 Rxa3 49. Rxc5 Ra4+ 50. Kg3 h5 51. gxh5+ Kxh5
52. Rc7 Kg6 53. Rc5 Kf5 54. Rc7 Ra3+ 55. Kf2 f6 56. exf6 gxf6 57. Rc5+ e5 58.
h4 Kf4 59. Rb5 Ra2+ 60. Kf1 Kg4 61. Rb4+ Kg3 62. Rb6 f5 63. Rb5 Ra1+ 64. Ke2 f4
65. Rxe5 f3+ 66. Kd2 f2 0-1

[Event "Elit(Vaxjo-Vasteras)"]
[Site "?"]
[Date "2022.03.18"]
[Round "3"]
[White "Fransson, Patrick"]
[Black "Carlsson, Ludvig"]
[Result "1/2-1/2"]
[WhiteElo "2150"]
[BlackElo "2355"]
[PlyCount "76"]

1. d4 d5 2. Bg5 f6 3. Bf4 Nc6 4. Nf3 g5 5. Bg3 g4 6. Ng1 e5 7. dxe5 fxe5 8. e4
d4 9. h3 Qg5 10. hxg4 Bxg4 11. Be2 Bxe2 12. Nxe2 Nf6 13. Bh4 Qxg2 14. Rg1 Qf3
15. Nd2 Bb4 16. c3 Qh3 17. Bxf6 Rf8 18. cxb4 Rxf6 19. Ng3 O-O-O 20. a3 Rg8 21.
Qe2 Qh2 22. Qf1 Qh6 23. Nf5 Rxg1 24. Qxg1 Qf8 25. O-O-O Kb8 26. Qg3 a5 27. bxa5
Qc5+ 28. Kb1 Qxa5 29. Qg7 Rg6 30. Qf8+ Ka7 31. Ne7 Nxe7 32. Qxe7 Rc6 33. Qb4
Qa6 34. Qb3 Rb6 35. Qc2 Rc6 36. Qb3 Rb6 37. Qf3 Rf6 38. Qb3 Rb6 1/2-1/2

[Event "Elit(Limhamn-Stockholms SS)"]
[Site "?"]
[Date "2022.03.18"]
[Round "3"]
[White "Ertan, Can"]
[Black "Jepson, Christian"]
[Result "0-1"]
[WhiteElo "2382"]
[BlackElo "2402"]
[PlyCount "82"]
[SourceDate "2022.03.22"]

1. e4 g6 2. d4 Bg7 3. Nc3 d6 4. Be3 a6 5. f4 b5 6. Nf3 Bb7 7. Bd3 Nd7 8. e5 Nh6
9. Qe2 c5 10. dxc5 Nxc5 11. O-O-O Nxd3+ 12. Rxd3 O-O 13. Kb1 Qc7 14. exd6 exd6
15. Nd5 Bxd5 16. Rxd5 Rfe8 17. Qd3 Ng4 18. Bd4 Bxd4 19. Rxd4 Nf2 20. Qf1 Nxh1
21. Qxh1 Re2 22. c3 Rae8 23. Qf1 Qe7 24. a3 Qe6 25. Ka1 Qb3 26. Qc1 Qc2 27.
Qxc2 Rxc2 28. Rxd6 Rxg2 29. Ne5 Re6 30. Rd8+ Kg7 31. Ka2 h5 32. h4 Rf2 33. Nd3
Rd2 34. Rd4 Re3 35. Nc5 Rxd4 36. cxd4 a5 37. d5 Re2 38. d6 Rd2 39. d7 Kf8 40.
Kb3 Ke7 41. Nb7 Kxd7 0-1

[Event "Elit(Wasa-Eksjo)"]
[Site "?"]
[Date "2022.03.18"]
[Round "3"]
[White "Lukez, Franko"]
[Black "Cramling, Dan"]
[Result "1/2-1/2"]
[WhiteElo "2284"]
[BlackElo "2290"]
[PlyCount "56"]

1. Nf3 Nf6 2. g3 g6 3. Bg2 Bg7 4. O-O O-O 5. c4 d6 6. Nc3 e5 7. Rb1 a5 8. a3
Nc6 9. d3 Bf5 10. b4 axb4 11. axb4 Qd7 12. b5 Nd4 13. Bg5 c6 14. Ne1 Ra3 15.
Bxf6 Bxf6 16. bxc6 bxc6 17. Ne4 Bxe4 18. Bxe4 d5 19. cxd5 cxd5 20. Bf3 Rc8 21.
Rc1 Rxc1 22. Qxc1 Ra2 23. e3 Nxf3+ 24. Nxf3 e4 25. dxe4 dxe4 26. Qb1 Qe6 27.
Ne1 Ra1 28. Qb5 Rc1 1/2-1/2

[Event "Elit(Vaxjo-Vasteras)"]
[Site "?"]
[Date "2022.03.18"]
[Round "3"]
[White "Bergstrom, Peter"]
[Black "Heidenfors, Ronald"]
[Result "1-0"]
[WhiteElo "2297"]
[BlackElo "1980"]
[PlyCount "47"]

1. e4 d6 2. d4 Nf6 3. Nc3 e5 4. Nf3 Nbd7 5. Bc4 Be7 6. O-O h6 7. Be3 c6 8. a4
a5 9. Qe2 Qc7 10. Rad1 Nf8 11. h3 Ng6 12. Qd3 Bd7 13. dxe5 dxe5 14. Ne2 O-O 15.
Ng3 c5 16. Qb3 Rab8 17. Rd2 Bc6 18. Bd5 Nxd5 19. exd5 Bd7 20. d6 Bxd6 21. Qd5
Bxa4 22. Qxd6 Qxd6 23. Rxd6 Rfc8 24. Ra1 1-0

[Event "Elit(Limhamn-Stockholms SS)"]
[Site "?"]
[Date "2022.03.18"]
[Round "3"]
[White "Eklund, Joel"]
[Black "Thorn, Eric"]
[Result "0-1"]
[WhiteElo "2279"]
[BlackElo "2341"]
[PlyCount "82"]

1. d4 Nf6 2. Bg5 d5 3. Bxf6 gxf6 4. c4 dxc4 5. e3 c5 6. Bxc4 cxd4 7. exd4 Nc6
8. Ne2 Bg4 9. Qb3 Qa5+ 10. Nbc3 Bxe2 11. Bxf7+ Kd8 12. Qxb7 Nxd4 13. Qxa8+ Kc7
14. Qd5 Qxd5 15. Bxd5 Bh6 16. Be4 Ba6 17. Rd1 Rd8 18. Bd3 Nf3+ 19. Ke2 Rxd3 20.
Rxd3 Nd4+ 21. Kd1 Bxd3 22. f4 Kd6 23. Kd2 Bg6 24. Ke3 e5 25. g3 Nc2+ 26. Kf3
Bh5+ 27. Kf2 exf4 28. Nb5+ Kc5 29. Nxa7 f3 30. g4 Bf7 31. Rd1 Bd5 32. Rxd5+
Kxd5 33. Kxf3 Nd4+ 34. Kg3 Bf8 35. a4 Bd6+ 36. Kh4 Bxh2 37. Kh5 Bf4 38. b4 Bg5
39. Nc8 Ne2 40. Ne7+ Ke6 41. Ng6 Ng3# 0-1

[Event "Elit(Wasa-Eksjo)"]
[Site "?"]
[Date "2022.03.18"]
[Round "3"]
[White "Bellon Lopez, Juan Manuel"]
[Black "Krantz, Christopher"]
[Result "1-0"]
[WhiteElo "2322"]
[BlackElo "2245"]
[PlyCount "107"]

1. d4 d5 2. Nf3 Nf6 3. e3 c6 4. Bd3 Bg4 5. h3 Bh5 6. Nbd2 e6 7. b3 Nbd7 8. Bb2
Be7 9. Qe2 a5 10. a4 Qc7 11. c4 O-O 12. Rc1 Rfe8 13. g4 Bg6 14. Bxg6 hxg6 15.
Qd3 Bb4 16. Kf1 Rad8 17. g5 Nh5 18. Bc3 Bxc3 19. Qxc3 Rf8 20. Rg1 Rde8 21. Ne5
Nxe5 22. dxe5 c5 23. f4 d4 24. exd4 cxd4 25. Qf3 d3 26. Ne4 Qc6 27. Rd1 Rd8 28.
Rxd3 Rxd3 29. Qxd3 Nxf4 30. Qe3 Nh5 31. Kf2 Kh7 32. Rd1 Kh8 33. Rd6 Qc8 34. Qc5
Qa8 35. Qd4 Qe8 36. Kf3 Kg8 37. Qb6 Qb8 38. Kg4 f5+ 39. gxf6 gxf6 40. exf6 Qc8
41. Qc5 Qxc5 42. Nxc5 Nxf6+ 43. Kh4 Kf7 44. Rb6 Rh8+ 45. Kg3 Nh5+ 46. Kf3 e5
47. Rxb7+ Kf6 48. Kg4 Nf4 49. Ne4+ Ke6 50. Ng5+ Kd6 51. Nf7+ Kc6 52. Rb5 Rf8
53. Nxe5+ Kd6 54. Nxg6 1-0

[Event "Elit(Vaxjo-Vasteras)"]
[Site "?"]
[Date "2022.03.18"]
[Round "3"]
[White "Gonzalez, Emilio"]
[Black "Landgren, Andreas"]
[Result "0-1"]
[WhiteElo "1970"]
[BlackElo "2195"]
[PlyCount "88"]

1. c4 e6 2. g3 d5 3. Bg2 Nf6 4. Nf3 dxc4 5. Nc3 Be7 6. O-O c6 7. a4 a5 8. b3
cxb3 9. Qxb3 O-O 10. d4 Na6 11. Rd1 Nb4 12. Ne5 Nfd5 13. Bb2 Bd7 14. Ne4 Be8
15. Rac1 f6 16. Nf3 Bf7 17. Rd2 Qb8 18. Nc5 Rd8 19. e4 Nc7 20. Qd1 b6 21. Nd3
Nxd3 22. Rxd3 Na6 23. Rd2 Nb4 24. Ba3 Ra7 25. d5 exd5 26. Nd4 Rc7 27. exd5 cxd5
28. Rxc7 Qxc7 29. h4 Bc5 30. Bb2 Qd7 31. Kh2 Bxd4 32. Bxd4 Qd6 33. Be3 Be6 34.
Qh5 Bf7 35. Qf5 Na6 36. h5 Nc5 37. Bxc5 bxc5 38. Be4 g6 39. hxg6 hxg6 40. Qg4
Qd7 41. Qh4 Kg7 42. Kg2 Qxa4 43. Qf4 Rd7 44. Qg4 Re7 0-1

[Event "Elit(Limhamn-Stockholms SS)"]
[Site "?"]
[Date "2022.03.18"]
[Round "3"]
[White "Olund, Joar"]
[Black "Ziegler, Ari"]
[Result "1-0"]
[WhiteElo "2349"]
[BlackElo "2323"]
[PlyCount "59"]

1. d4 Nf6 2. Bg5 d5 3. e3 Nbd7 4. Nf3 h6 5. Bh4 c6 6. Nbd2 e6 7. Bd3 Be7 8. Qe2
b6 9. c3 Bb7 10. Bxf6 gxf6 11. c4 dxc4 12. Bxc4 f5 13. Ba6 Bxa6 14. Qxa6 Qc7
15. Rc1 Rc8 16. a4 O-O 17. Qe2 Bf6 18. g4 fxg4 19. Rg1 Bg7 20. Rxg4 Qd6 21. e4
f5 22. Rg6 fxe4 23. Nxe4 Qf4 24. Rc3 c5 25. Ng3 Rf7 26. Qxe6 Nf8 27. Qxc8 cxd4
28. Rxg7+ Rxg7 29. Qc4+ Rf7 30. Qxd4 1-0

[Event "Elit(Wasa-Eksjo)"]
[Site "?"]
[Date "2022.03.18"]
[Round "3"]
[White "Johnson, Bjorn"]
[Black "Nordstrom, Felix"]
[Result "1-0"]
[WhiteElo "2187"]
[BlackElo "2079"]
[PlyCount "83"]
[SourceDate "2022.03.23"]

1. f4 d5 2. Nf3 g6 3. e3 Bg7 4. d4 Nf6 5. Bd3 O-O 6. O-O c5 7. c3 b6 8. Qe2 Bb7
9. b3 Nbd7 10. Bb2 Rc8 11. Nbd2 Ne4 12. Bxe4 dxe4 13. Ng5 Nf6 14. Rfd1 h6 15.
Nh3 Qc7 16. c4 Ne8 17. Nf1 cxd4 18. Bxd4 Bxd4 19. Rxd4 f5 20. Rad1 Nd6 21. g4
Qd7 22. g5 h5 23. Ng3 Rfd8 24. Nxh5 gxh5 25. Qxh5 Qe6 26. g6 Kg7 27. Qh7+ Kf6
28. g7 Qg8 29. Qh6+ Kf7 30. Ng5+ Ke8 31. Qg6+ Kd7 32. Nf7 Kc7 33. Nxd6 exd6 34.
Rxd6 Re8 35. Rd7+ Kb8 36. h4 Rc6 37. Qxe8+ Qxe8 38. Rd8+ Rc8 39. Rxe8 Rxe8 40.
h5 Bc8 41. h6 Rg8 42. Kf2 1-0

[Event "Elit(Vaxjo-Vasteras)"]
[Site "?"]
[Date "2022.03.18"]
[Round "3"]
[White "Petersson, Baldur Teodor"]
[Black "Kallerholm, Par"]
[Result "1-0"]
[WhiteElo "2242"]
[BlackElo "1909"]
[PlyCount "87"]
[EventDate "2022.??.??"]

1. e4 e6 2. d3 d5 3. Nd2 f5 4. Qe2 Be7 5. g3 Nf6 6. Bg2 O-O 7. Nh3 fxe4 8. dxe4
c5 9. Nf4 d4 10. e5 Nd5 11. Nxd5 exd5 12. O-O Nc6 13. Nb1 Be6 14. f4 Qd7 15. a3
c4 16. Re1 Bc5 17. Kh1 d3 18. cxd3 Nd4 19. Qd1 Bg4 20. e6 Bxe6 21. dxc4 dxc4
22. Be3 Rad8 23. Nc3 Bg4 24. Qd2 Qf5 25. Qf2 Nb3 26. Bxc5 Nxc5 27. Re7 Nd3 28.
Qxa7 Rb8 29. Qd4 Rf7 30. Qxc4 Rbf8 31. Ne4 Be2 32. Rxf7 Rxf7 33. Qc2 Qh5 34.
Ng5 Re7 35. Qc8+ Re8 36. Bd5+ Kf8 37. Qf5+ Ke7 38. Qe6+ Kd8 39. Qb6+ Kd7 40.
Qxb7+ Kd6 41. Qc6+ Ke7 42. Qc7+ Kf6 43. Qd6+ Kf5 44. Be6+ 1-0

[Event "Elit(Limhamn-Stockholms SS)"]
[Site "?"]
[Date "2022.03.18"]
[Round "3"]
[White "Penalver, Osmani"]
[Black "Renman, Nils-Gustaf"]
[Result "0-1"]
[WhiteElo "2267"]
[BlackElo "2301"]
[PlyCount "90"]

1. d4 e6 2. c4 d5 3. Nc3 Nf6 4. cxd5 exd5 5. Bg5 c6 6. Qc2 Nbd7 7. e3 Bd6 8.
Bd3 Nf8 9. Nge2 Ng6 10. Ng3 h6 11. Bxf6 Qxf6 12. Nh5 Qg5 13. Nxg7+ Kf8 14. Nf5
Bxf5 15. Bxf5 Nh4 16. g4 h5 17. h3 Ng2+ 18. Kd2 Re8 19. Qd3 Nh4 20. Kc2 Rg8 21.
Rae1 Bb4 22. a3 Bxc3 23. Kxc3 Qf6 24. b4 Nxf5 25. gxf5 Rg5 26. h4 Rxf5 27. f4
Re4 28. Reg1 Qe7 29. Rh3 a5 30. Rgg3 Rf6 31. Qd1 axb4+ 32. axb4 Rg6 33. Rf3 f5
34. Qa4 Qc7 35. Kd3 Rg4 36. Qa5 b6 37. Qa1 Re8 38. Rfg3 Qe7 39. Qc3 Qe4+ 40.
Kd2 Ra8 41. Qxc6 Ra2+ 42. Kc1 Ra1+ 43. Kd2 Qg2+ 44. Rxg2 Rxg2+ 45. Kd3 Rd1+ 0-1

[Event "Elit(Wasa-Eksjo)"]
[Site "?"]
[Date "2022.03.18"]
[Round "3"]
[White "Eriksson, Lennarth"]
[Black "Malesevic, Nedeljko"]
[Result "1-0"]
[WhiteElo "2017"]
[BlackElo "2234"]
[PlyCount "113"]
[EventDate "2022.??.??"]

1. Nf3 d5 2. c4 e6 3. b3 Nf6 4. Bb2 Be7 5. g3 O-O 6. Bg2 Nbd7 7. O-O c6 8. d3
b5 9. Nbd2 Rb8 10. Qc2 Qb6 11. Rab1 Bb7 12. h3 Bd6 13. d4 c5 14. dxc5 Bxc5 15.
b4 Be7 16. c5 Qc7 17. Nd4 Ba8 18. f4 Rfe8 19. Qd3 a6 20. Rbc1 e5 21. Nf5 Bf8
22. fxe5 Nxe5 23. Qd4 Re6 24. Qf4 Nfd7 25. Nb3 Rbe8 26. c6 Rxc6 27. Kh2 Rxc1
28. Rxc1 Qd8 29. Rc2 h6 30. a3 Nc4 31. Ba1 Qg5 32. Qf2 Nde5 33. Nc5 a5 34. Qf4
Qxf4 35. gxf4 Ng6 36. Nd7 Rd8 37. Nxf8 Nxf8 38. bxa5 Ne6 39. e3 Nxa3 40. Rb2
Bc6 41. Ne7+ Kf8 42. Nxc6 Rd6 43. Nb4 d4 44. exd4 Rxd4 45. a6 Nc7 46. a7 Rxf4
47. Nd5 Ra4 48. Nxc7 Rxa7 49. Nd5 Nc4 50. Rxb5 f6 51. Bd4 Rd7 52. Bc5+ Kf7 53.
Nf4 Ne5 54. Bd5+ Ke8 55. Rb8+ Rd8 56. Rxd8+ Kxd8 57. Ne6+ 1-0

[Event "Elit(Vaxjo-Vasteras)"]
[Site "?"]
[Date "2022.03.18"]
[Round "3"]
[White "Nilsson, Mattias"]
[Black "Kretz, Johan"]
[Result "0-1"]
[WhiteElo "1901"]
[BlackElo "2221"]
[PlyCount "104"]

1. e4 g6 2. Nf3 Bg7 3. d4 d6 4. c3 Nf6 5. Bd3 O-O 6. O-O Nc6 7. Re1 e5 8. d5
Ne7 9. Nbd2 Ne8 10. Nf1 c6 11. dxc6 bxc6 12. Ng3 Rb8 13. Bc4 Nc7 14. Bb3 Ne6
15. Ng5 Nc5 16. Be3 Nxb3 17. axb3 a5 18. Ra3 h6 19. Nf3 f5 20. exf5 gxf5 21.
Bc1 f4 22. Nf1 Ng6 23. Qd3 Rf5 24. g4 Rf6 25. h3 Qc7 26. c4 h5 27. N1h2 Bd7 28.
Ng5 Nh4 29. Qh7+ Kf8 30. Qxh5 Ke7 31. Nh7 Rh6 32. Qg5+ Kf7 33. Bxf4 Rxh7 34.
Bg3 Rbh8 35. Qd2 Ng6 36. Rxa5 Rxh3 37. Rea1 Qb6 38. c5 Qxb3 39. R1a3 Qe6 40.
Ra7 d5 41. g5 Ke7 42. Rb7 Qf5 43. Raa7 Rd8 44. b4 Nf4 45. Qe1 e4 46. b5 Bd4 47.
bxc6 Rxg3+ 48. Kh1 Nd3 49. Rxd7+ Rxd7 50. Rxd7+ Qxd7 51. cxd7 Nxf2+ 52. Qxf2
Bxf2 0-1

[Event "Elit(SK Rockaden, Sthlm-Team Pelaro)"]
[Site "?"]
[Date "2022.03.18"]
[Round "3"]
[White "Sorensen, Hampus"]
[Black "Blomqvist, Erik"]
[Result "1-0"]
[WhiteElo "2379"]
[BlackElo "2536"]
[PlyCount "101"]
[EventDate "2022.??.??"]

1. d4 Nf6 2. c4 e6 3. Nc3 d5 4. cxd5 exd5 5. Bg5 c6 6. e3 Be7 7. Bd3 Nbd7 8.
Qc2 Nh5 9. Bxe7 Qxe7 10. O-O-O Nb6 11. Nf3 Bg4 12. Kb1 g6 13. Rde1 Bxf3 14.
gxf3 O-O-O 15. Na4 Ng7 16. Nc5 Ne6 17. b4 Kb8 18. Ka1 Nc8 19. Rb1 Nd6 20. Rb3
Rc8 21. Rhb1 Rhd8 22. Rc3 Nc7 23. a4 f5 24. f4 b6 25. Nb3 Ne4 26. Rxc6 Qxb4 27.
Rc1 Qxa4+ 28. Kb2 Nc5 29. dxc5 Qxc6 30. Nd4 Qf6 31. Qa4 bxc5 32. Rxc5 Qb6+ 33.
Nb3 Rd6 34. Ka2 Ka8 35. Bb5 a6 36. Bxa6 Qxa6 37. Ra5 Rb8 38. Nc5 Ka7 39. Nxa6
Nxa6 40. Qd4+ Rdb6 41. Qxd5 R8b7 42. Qc4 Rd7 43. Rb5 Rbd6 44. Rb3 Rd5 45. Qc6
R5d6 46. Rb7+ Rxb7 47. Qxd6 Rb6 48. Qd7+ Rb7 49. Qd4+ Kb8 50. Ka3 Nc7 51. Ka4
1-0

[Event "Elit(LASK-Kungstornet)"]
[Site "?"]
[Date "2022.03.18"]
[Round "3"]
[White "Cicak, Slavko"]
[Black "Antonsen, Mikkel"]
[Result "1-0"]
[WhiteElo "2488"]
[BlackElo "2400"]
[PlyCount "99"]

1. e4 e5 2. Nf3 Nc6 3. Bb5 a6 4. Ba4 Nf6 5. d3 Bc5 6. c3 b5 7. Bb3 d6 8. Bg5 h6
9. Bh4 Bb6 10. Nbd2 O-O 11. Nf1 g5 12. Bg3 Ne7 13. Qd2 Kg7 14. Ne3 Ng6 15. h4
g4 16. Nh2 Bxe3 17. fxe3 Nh5 18. Nf1 c6 19. Bf2 d5 20. Ng3 Nxg3 21. Bxg3 h5 22.
O-O-O dxe4 23. dxe4 Qxd2+ 24. Rxd2 c5 25. Rd6 c4 26. Bc2 Be6 27. Rhd1 Rfb8 28.
a4 Kf8 29. Rc6 Rc8 30. Rb6 bxa4 31. Bxa4 Rc5 32. Bd7 Bxd7 33. Rxd7 Ra5 34. Rbb7
Ra1+ 35. Kc2 Rg1 36. Rxf7+ Ke8 37. Rg7 Rxg2+ 38. Kb1 Rxg3 39. Rxg6 Kf8 40. Rh6
Kg8 41. Rxh5 Rd8 42. Rxe5 Rg1+ 43. Ka2 g3 44. Rg5+ Kf8 45. Rc7 Rb8 46. Rxc4 Rb5
47. Rxb5 axb5 48. Rc5 Re1 49. Rg5 Rxe3 50. Rxb5 1-0

[Event "Elit(SK Rockaden, Sthlm-Team Pelaro)"]
[Site "?"]
[Date "2022.03.18"]
[Round "3"]
[White "Socko, Bartosz"]
[Black "Berg, Emanuel"]
[Result "1/2-1/2"]
[WhiteElo "2642"]
[BlackElo "2532"]
[PlyCount "96"]
[EventDate "2022.??.??"]

1. d4 Nf6 2. c4 g6 3. Nf3 Bg7 4. g3 O-O 5. Bg2 d6 6. O-O c6 7. Nc3 Qa5 8. Bd2
Nbd7 9. Qc2 Qa6 10. b3 e5 11. Rfd1 Re8 12. a4 Qb6 13. a5 Qc7 14. h3 Nf8 15. e4
Ne6 16. Be3 Bd7 17. b4 exd4 18. Nxd4 Nxd4 19. Bxd4 Be6 20. Qd3 Rad8 21. Rac1
Qb8 22. Qe3 Bxc4 23. Bxa7 Qc8 24. Bb6 Rd7 25. Qf4 Nh5 26. Qf3 Bh6 27. Be3 Bxe3
28. Qxe3 Qd8 29. Na4 Bb5 30. Nb6 Rde7 31. Rd4 Re6 32. Rcd1 Qe7 33. Qd2 Nf6 34.
Rxd6 Nxe4 35. Bxe4 Rxd6 36. Qxd6 Qxd6 37. Rxd6 Rxe4 38. Rd7 Ba6 39. b5 cxb5 40.
Nd5 Ra4 41. g4 h6 42. f4 Kg7 43. Nc7 Rxa5 44. Ne6+ Kg8 45. Rd8+ Kh7 46. Rd7 Kg8
47. Rd8+ Kh7 48. Rd7 Kg8 1/2-1/2

[Event "Elit(LASK-Kungstornet)"]
[Site "?"]
[Date "2022.03.18"]
[Round "3"]
[White "Kulaots, Kaido"]
[Black "Lyrberg, Patrik"]
[Result "1-0"]
[WhiteElo "2520"]
[BlackElo "2462"]
[PlyCount "41"]

1. e4 e5 2. Nf3 Nc6 3. Bb5 a6 4. Ba4 Nf6 5. O-O Be7 6. Re1 b5 7. Bb3 d6 8. c3
Na5 9. Bc2 c5 10. h3 Nc6 11. d4 exd4 12. cxd4 Nb4 13. Nc3 Nxc2 14. Qxc2 Bb7 15.
dxc5 dxc5 16. Bg5 Nd7 17. Bxe7 Qxe7 18. Nd5 Qd8 19. Rad1 O-O 20. e5 Re8 21. Qf5
1-0

[Event "Elit(SK Rockaden, Sthlm-Team Pelaro)"]
[Site "?"]
[Date "2022.03.18"]
[Round "3"]
[White "Agrest, Inna"]
[Black "Barkhagen, Jonas"]
[Result "1-0"]
[WhiteElo "2238"]
[BlackElo "2439"]
[PlyCount "144"]
[EventDate "2022.??.??"]

1. e4 e5 2. Nf3 Nc6 3. Bb5 a6 4. Ba4 Nf6 5. O-O Be7 6. Re1 b5 7. Bb3 d6 8. c3
O-O 9. h3 Nd7 10. d4 Bf6 11. a4 Bb7 12. Na3 Re8 13. d5 Na7 14. Ba2 Nc5 15. axb5
axb5 16. Nc2 Nc8 17. Nb4 Qd7 18. Nh2 Nb6 19. Be3 Nba4 20. Qc2 Na6 21. Ng4 Bh4
22. Nc6 Nb8 23. b3 Nb6 24. Nb4 Na6 25. Rac1 Nxb4 26. cxb4 Rec8 27. Bb1 Qd8 28.
Qe2 c6 29. Red1 Bg5 30. dxc6 Rxc6 31. Rxc6 Bxc6 32. Nxe5 Be8 33. Nf3 Bxe3 34.
Qxe3 Qc7 35. Qd3 g6 36. Qxd6 Qxd6 37. Rxd6 Ra1 38. Nd2 Nd7 39. Kf1 Kf8 40. Ke2
Ne5 41. Bd3 Ke7 42. Rd5 Nxd3 43. Kxd3 Bd7 44. h4 h6 45. Rc5 Be8 46. Nf3 Rd1+
47. Ke3 Rb1 48. Nd4 Re1+ 49. Kf4 Rb1 50. f3 Rb2 51. g3 Bd7 52. Rc7 Rb1 53. Rb7
f6 54. g4 g5+ 55. hxg5 hxg5+ 56. Ke3 Rb2 57. Rc7 Rb1 58. Rc5 Rb2 59. Kd3 Rb1
60. Rc2 Kd6 61. Rc5 Ke7 62. Kc2 Rf1 63. Nf5+ Kf7 64. Nd4 Ke7 65. e5 fxe5 66.
Rxe5+ Kf6 67. Rd5 Be8 68. Rf5+ Kg6 69. Kd3 Bd7 70. Rd5 Be8 71. Re5 Rd1+ 72. Kc3
Bd7 1-0

[Event "Elit(LASK-Kungstornet)"]
[Site "?"]
[Date "2022.03.18"]
[Round "3"]
[White "von Bahr, Oskar"]
[Black "Smith, Axel"]
[Result "1/2-1/2"]
[WhiteElo "2386"]
[BlackElo "2437"]
[PlyCount "84"]

1. e4 c5 2. Nf3 e6 3. d4 cxd4 4. Nxd4 Nf6 5. Nc3 Nc6 6. Ndb5 Bc5 7. Bf4 O-O 8.
Bd6 Qb6 9. Bxc5 Qxc5 10. Nd6 Nd4 11. Nxc8 Rfxc8 12. Bd3 b5 13. O-O b4 14. Ne2
g6 15. Ba6 Nxe2+ 16. Qxe2 Rc7 17. e5 Nd5 18. a3 Qxc2 19. Qxc2 Rxc2 20. Bb7 Rd8
21. Bxd5 exd5 22. axb4 Rxb2 23. Rfd1 Rxb4 24. g3 Rb7 25. Rxd5 Rc8 26. Kg2 Rc2
27. Rda5 Rcc7 28. Ra6 Kf8 29. R1a2 Ke7 30. Kh3 Rb6 31. Rxa7 Rxa7 32. Rxa7 f6
33. exf6+ Rxf6 34. f4 Rd6 35. Kg4 Rd2 36. h3 Rd3 37. Ra6 Kf7 38. Ra8 Kf6 39.
Rf8+ Kg7 40. Rd8 Kf6 41. Rf8+ Kg7 42. Rd8 Kf6 1/2-1/2